000
00296nam a22001337a 4500
008
170216b xxu||||| |||| 00| 0 eng d
020
_a
9780702027703
041
_a
eng
080
_2
3RD
_a
61
100
_a
4
101
_a
SHM
245
_a
ACUTE PAIN MANAGEMENT
_c
MACINTYRE, P.E
942
_2
udc
_c
BK
999
_c
5704
_d
5704